Szegeden ülésezik a geotermikus tanács
Elmentve itt :
| Dokumentumtípus: | Cikk |
|---|---|
| Megjelent: |
1965-02-26
|
| Sorozat: | Délmagyarország
55 No. 48 |
| Kulcsszavak: | Termálvíz felhasználása Szeged 1965, tanácskozások, pályázatok |
| Online Access: | http://dmarchiv.bibl.u-szeged.hu/74550 |
| LEADER | 00466nab a2200145 i 4500 | ||
|---|---|---|---|
| 001 | delm74550 | ||
| 005 | 20180928082626.0 | ||
| 008 | 180928s1965 hu o 0|| hun d | ||
| 040 | |a SZTE Délmagyarország Archívum |b hun | ||
| 041 | |a hun | ||
| 245 | 0 | 0 | |a Szegeden ülésezik a geotermikus tanács |h [elektronikus dokumentum] |
| 260 | |c 1965-02-26 | ||
| 300 | |a 4 | ||
| 490 | 0 | |a Délmagyarország |v 55 No. 48 | |
| 695 | |a Termálvíz felhasználása Szeged 1965, tanácskozások, pályázatok | ||